000 00277nam a2200121Ia 4500
008 220204s9999 xx 000 0 und d
082 _a954 (548.3)
_bBRI
100 _aBristow, Robert
245 0 _aCochin saga
250 _aEd.2
260 _aCochin
_bPaico
_c1967
942 _cBK
999 _c33721
_d33721